U.S. Presidents in One Minute - Statistics

General Stats
  • This quiz has been taken 259 times
  • The average score is 32 of 47
Answer Stats
Hint Answer % Correct
1789-1797 George Washington
98%
2017-2021 Donald Trump
93%
2025 Donald Trump
93%
1933-1945 Franklin D. Roosevelt
89%
1989-1993 George H. W. Bush
89%
2001-2009 George W. Bush
89%
1961-1963 John F. Kennedy
89%
1797-1801 John Adams
84%
1825-1829 John Quincy Adams
84%
1901-1909 Theodore Roosevelt
84%
1861-1865 Abraham Lincoln
82%
2009-2017 Barack Obama
82%
2021-2025 Joe Biden
82%
1829-1837 Andrew Jackson
77%
1963-1969 Lyndon B. Johnson
77%
1801-1809 Thomas Jefferson
77%
1865-1869 Andrew Johnson
75%
1969-1974 Richard Nixon
75%
1981-1989 Ronald Reagan
75%
1945-1953 Harry S. Truman
73%
1974-1977 Gerald Ford
70%
1977-1981 Jimmy Carter
70%
1993-2001 Bill Clinton
68%
1809-1817 James Madison
66%
1913-1921 Woodrow Wilson
66%
1881-1881 James A. Garfield
64%
1889-1893 Benjamin Harrison
61%
1869-1877 Ulysses S Grant
61%
1841-1841 William Henry Harrison
61%
1953-1961 Dwight D. Eisenhower
59%
1885-1889 Grover Cleveland
59%
1893-1897 Grover Cleveland
59%
1817-1825 James Monroe
57%
1909-1913 William Howard Taft
57%
1845-1849 James K. Polk
55%
1929-1933 Herbert Hoover
52%
1837-1841 Martin Van Buren
52%
1881-1885 Chester A. Arthur
50%
1841-1845 John Tyler
50%
1877-1881 Rutherford B. Hayes
50%
1897-1901 William McKinley
50%
1853-1857 Franklin Pierce
48%
1850-1853 Millard Fillmore
48%
1849-1850 Zachary Taylor
48%
1857-1861 James Buchanan
43%
1923-1929 Calvin Coolidge
41%
1921-1923 Warren G. Harding
39%
No matching quizzes found
Score Distribution
Percent of People with Each Score
Percentile by Number Answered
Your Score History
You have not taken this quiz